Books and library reading for pupils of the intermediate grades (Record no. 1342327)

MARC details
000 -LEADER
fixed length control field 00556nam a2200181Ia 4500
005 - DATE AND TIME OF LATEST TRANSACTION
control field 20250508153350.0
008 - FIXED-LENGTH DATA ELEMENTS--GENERAL INFORMATION
fixed length control field 008 250505s9999 xx 000 0 eng d
037 ## - SOURCE OF ACQUISITION
Stock number Books to be hide in OPAC
040 ## - CATALOGING SOURCE
Original cataloging agency FEDL
Language of cataloging eng
Transcribing agency FEDL
041 ## - LANGUAGE CODE
Language code of text/sound track or separate title eng
Source of code eng
084 ## - COLON CLASSIFICATION NUMBER
Classification number 028.5, COL
Assigning agency FEDL
100 ## - MAIN ENTRY--PERSONAL NAME
Personal name Colburn Evangeline
9 (RLIN) 763775
245 #0 - TITLE STATEMENT
Title Books and library reading for pupils of the intermediate grades
260 ## - PUBLICATION, DISTRIBUTION, ETC.
Place of publication, distribution, etc. Chicago
Name of publisher, distributor, etc. The University of Chicago Press
Date of publication, distribution, etc. 1942
300 ## - PHYSICAL DESCRIPTION
Extent 167p.
942 ## - ADDED ENTRY ELEMENTS (KOHA)
Koha item type Books to be hide in OPAC
Classification part 028.5, COL
Holdings
Withdrawn status Lost status Damaged status Not for loan Home library Current library Date acquired Total Checkouts Full call number Barcode Date last seen Price effective from Koha item type
        Department of Education Library Department of Education Library 2025-05-08   028.5, COL EL0025409 2025-05-08 2025-05-08 Books to be hide in OPAC
Copyright @ Delhi University Library System